Public Finance/ (Record no. 196732)

MARC details
000 -LEADER
fixed length control field 00547nam a22001937a 4500
005 - DATE AND TIME OF LATEST TRANSACTION
control field 20231211145654.0
010 ## - LCCN (DPL NO)
LC control number ENG-137530
020 ## - INTERNATIONAL STANDARD BOOK NUMBER
International Standard Book Number 9789392080227
Terms of availability 250.00
035 ## - SYSTEM CONTROL NUMBER
System control number EN-121062
037 ## - SOURCE OF ACQUISITION
Source of stock number/acquisition DBAD/PUB
082 ## - DEWEY DECIMAL CLASSIFICATION NUMBER
Classification number 336
100 ## - MAIN ENTRY--PERSONAL NAME
Personal name Chaturvedi, D.D.
245 10 - TITLE STATEMENT
Title Public Finance/
Statement of responsibility, etc By D.D. Chaturvedi
260 ## - PUBLICATION, DISTRIBUTION, ETC. (IMPRINT)
Place of publication, distribution, etc New Delhi
Name of publisher, distributor, etc Kitab Mahal
Date of publication, distribution, etc 2022
270 ## - ADDRESS
Address 4655/21, Ansari Road, Daryaganj
City Delhi
Postal code 110002
300 ## - PHYSICAL DESCRIPTION
Extent 192p.
Dimensions 22cm(pbk)
700 ## - ADDED ENTRY--PERSONAL NAME
Personal name Upasana Diwan
9 (RLIN) 59735
942 ## - ADDED ENTRY ELEMENTS (KOHA)
Source of classification or shelving scheme Dewey Decimal Classification
Item type English Books
Call number suffix CHA
Classification part 336
Holdings
Withdrawn status Lost status Not for loan Collection code Home library Current library Date acquired Source of acquisition Cost, normal purchase price Full call number Barcode Copy number Cost, replacement price Koha item type
      Non-fiction Vinoba Puri Vinoba Puri 24/07/2023 DBAD/PUB 250.00 336 CHA EN-121062 1 250.00 English Books

© Delhi Public Library
Hit Counter
free hit counter